| 000 | 00603nam a22002057a 4500 | ||
|---|---|---|---|
| 999 |
_c10657 _d10657 |
||
| 003 | AR-CdUCM | ||
| 008 | 190401b ||||| |||| 00| 0 spa d | ||
| 040 |
_aMUNICIPALIDAD PROVINCIAL DEL CUSCO _cBIBLIOTECA MUNICIPAL DEL CUSCO |
||
| 082 |
_aEP / 813 / _bS47 |
||
| 100 |
_aShulevitz, Uri _927629 |
||
| 245 | _aEl tesoro / | ||
| 260 |
_aNew York : _bMirasol, _c1992. |
||
| 300 |
_bIlustraciones, _c23 cm. |
||
| 500 | _aLibro sin numeración | ||
| 505 | _aContenido :Cuento / | ||
| 650 |
_aLiteratura de educación primaria _927595 |
||
| 650 |
_aCuento _94671 |
||
| 942 |
_2ddc _cLIBROS |
||
| 945 | _arjall | ||